| 000 | 00403nam a2200157Ia 4500 | ||
|---|---|---|---|
| 008 | 150509s9999 xx 000 0 und d | ||
| 020 | _a130863882 | ||
| 082 | _a004.6 STA | ||
| 245 | _aData & Computer communications | ||
| 260 | _aNew Jersey: | ||
| 260 | _bPrentice Hall | ||
| 260 | _c2000 | ||
| 300 | _axx, 810 p. :ill. ; 23 cm | ||
| 500 | _aIncludes index | ||
| 650 | _aComputer comunications, Data | ||
| 999 |
_c10263 _d10263 |
||